ARRUPE JESUIT UNIVERSITY

CORONAVIRUS -STOP THE SPREAD - CLEAN,DISINFECT,COVER

O Monte Cinco / (Record no. 131412)

MARC details
000 -LEADER
fixed length control field 00744cam a2200265 a 4500
001 - CONTROL NUMBER
control field 13072168
003 - CONTROL NUMBER IDENTIFIER
control field ARRUPE
005 - DATE AND TIME OF LATEST TRANSACTION
control field 20220511093112.0
008 - FIXED-LENGTH DATA ELEMENTS--GENERAL INFORMATION
fixed length control field 021106s1996 bl b 000 0 por
010 ## - LIBRARY OF CONGRESS CONTROL NUMBER
LC control number 2002370403
020 ## - INTERNATIONAL STANDARD BOOK NUMBER
International Standard Book Number 8573020954
035 ## - SYSTEM CONTROL NUMBER
System control number 2002370403
040 ## - CATALOGING SOURCE
Original cataloging agency DLC
Transcribing agency DLC
042 ## - AUTHENTICATION CODE
Authentication code lcode
050 00 - LIBRARY OF CONGRESS CALL NUMBER
Classification number PQ9698.13.O3546
Item number M66 1996
300 ## - PHYSICAL DESCRIPTION
Dimensions 22 cm.
100 1# - MAIN ENTRY--PERSONAL NAME
Personal name Coelho, Paulo.
9 (RLIN) 14925
245 12 - TITLE STATEMENT
Title O Monte Cinco /
Statement of responsibility, etc Paulo Coelho.
250 ## - EDITION STATEMENT
Edition statement Nova ed.
260 ## - PUBLICATION, DISTRIBUTION, ETC. (IMPRINT)
Place of publication, distribution, etc Rio de Janeiro, RJ :
Name of publisher, distributor, etc Objetiva,
Date of publication, distribution, etc c1996.
300 ## - PHYSICAL DESCRIPTION
Extent 185, [2] p. ;
504 ## - BIBLIOGRAPHY, ETC. NOTE
Bibliography, etc Includes bibliographical references (p. [187]).
906 ## - LOCAL DATA ELEMENT F, LDF (RLIN)
a 7
b cbc
c origode
d 3
e ncip
f 20
g y-gencatlg
942 ## - ADDED ENTRY ELEMENTS (KOHA)
Source of classification or shelving scheme Library of Congress Classification
Koha item type Monograph ( Printed materials)
Holdings
Withdrawn status Lost status Source of classification or shelving scheme Damaged status Not for loan Collection code Home library Current library Shelving location Date acquired Total Checkouts Full call number Barcode Date last seen Price effective from Koha item type
    Library of Congress Classification     Main Collection ARRUPE LIBRARY ARRUPE LIBRARY Main Collection 11/05/2022   PQ9698.13.O3546 M66 1996 46600008480 11/05/2022 11/05/2022 Monograph ( Printed materials)

 

Arrupe Library. PO Box MP320 Mt Pleasant, Harare, Zimbabwe
263 242 745411|librarian@aju.ac.zw